| 000 | 00347nam a2200145Ia 4500 | ||
|---|---|---|---|
| 008 | 200103s9999||||xx |||||||||||||| ||und|| | ||
| 020 | _a853090424 | ||
| 040 | _aIMU-MPC | ||
| 082 | _aColumn-13 | ||
| 100 | _aKemp and Young | ||
| 245 | 0 | _aShip Stability Notes & Examples | |
| 260 |
_bStanford Maritime London _c1974 |
||
| 300 | _a132 | ||
| 942 | _cBK | ||
| 999 |
_c5263 _d5263 |
||